000 01088nam a2200217Ia 4500
003 Ost
005 20260507075410.0
008 260507s9999||||xx |||||||||||||| ||und||
040 _cfsecg
041 _aara
082 _a330
100 _aالنحراوي، أيمن
_eمؤلف
245 0 _aالموانئ البحرية العربية /
_c أيمن النحراوي
260 _aالإسكندرية:
_bدار الفكر الجامعي,
_c2009
300 _a756 صفحة؛
_bإيضاحات ؛
_c24 سم
520 _aيضم النقل والموانئ البحرية، العولمة الاقتصادية والتطورات في التجارة الدولية، ملامح تطور النقل البحري العالمي في ظل المتغيرات الراهنة، الاطار العام للمنافسة في الموانئ البحرية ومحطات الحاويات، الطاقات والتسهيلات في الموانئ البحرية
653 _aالتجارة البحرية
653 _aالموانئ
653 _aالنقل البحري
942 _cكتاب
999 _c44375
_d44375